000 00332nam a22001097a 4500
040 _cHS
082 _a658
100 _aង៉ោ ប៊ុនថាន
245 _aការគ្រប់គ្រងគំរោងអភីវឌ្ឍន៍ project management
260 _aRUA
_bង៉ោ ប៊ុនថាន
_c2007
942 _cKB
999 _c8694
_d8694